00404 a2200121 4500001001000000005001700010008004100027245008100068100002300149700002400172773006900196999001700265ART_1393220260410161911.0260409a 10aThe trade off between real wages and employment in an open economy (Belgium)1 aModigliani, Franco1 aDréze, Jacques H.0 tEuropean economic reviewg- Vol. 15, Nº 1 (ene. 1981)wREV13346 c26867d26867